| 000 | 00724cam a2200217 a 4500 | ||
|---|---|---|---|
| 001 | 000018761 | ||
| 005 | 20200929165843.0 | ||
| 008 | 831201s1969 it a 000 0 ita d | ||
| 040 |
_aDO-SdBNP _bita _cLC _dBNPHU |
||
| 082 |
_a853.8 _bA615n |
||
| 100 | 1 |
_aD'Annunzio, Gabriele, _d1863-1938. _938942 |
|
| 245 | 1 | 3 |
_aLe novelle della Pescara / _cGabriele d'Annunzio ; introducción Silvano Sabbadini. |
| 260 |
_a[Milano] : _bArnoldo Mondadori, _c1969. |
||
| 300 |
_a383, [7] p. : _bil. ; _c19 cm. |
||
| 504 | _aBibliografía: p. 32-[38]. | ||
| 650 | 4 |
_aNovela italiana _94322 |
|
| 650 | 4 |
_aLiteratura italiana _93329 |
|
| 700 | 1 |
_aSabbadini, Silvano, _eintrod. _940485 |
|
| 910 | _aCatalogación derivada / LC | ||
| 049 | _aBNGR | ||
| 999 |
_c18281 _d18281 |
||